Kabir / (Record no. 9390)

MARC details
000 -LEADER
fixed length control field 00521nam a2200193Ia 4500
005 - DATE AND TIME OF LATEST TRANSACTION
control field 20250522154322.0
008 - FIXED-LENGTH DATA ELEMENTS--GENERAL INFORMATION
fixed length control field 240806s9999||||xx |||||||||||||| ||eng||
020 ## - INTERNATIONAL STANDARD BOOK NUMBER
ISBN 978-81-8361-207-4
041 ## - LANGUAGE CODE
Language code of text/sound track or separate title eng
082 ## - DEWEY DECIMAL CLASSIFICATION NUMBER
Classification number 891.4312
Item number SNAK
100 ## - MAIN ENTRY--AUTHOR NAME
Personal name Vijyendra Snatak
245 #0 - TITLE STATEMENT
Title Kabir /
Statement of responsibility, etc Vijyendra Snatak
250 ## - EDITION STATEMENT
Edition statement 8h
260 ## - PUBLICATION, DISTRIBUTION, ETC. (IMPRINT)
Place of publication Allahabad:
Name of publisher Radhakrishan Prakashan,
Year of publication 2008
300 ## - PHYSICAL DESCRIPTION
Number of Pages 248p.
650 ## - SUBJECT ADDED ENTRY--TOPICAL TERM
Topical Term Hindi
880 ## - ALTERNATE GRAPHIC REPRESENTATION
Linkage 245
Title कबीर / विजयेन्द्र स्नतक
942 ## - ADDED ENTRY ELEMENTS (KOHA)
Koha item type Books
Holdings
Withdrawn status Lost status Damaged status Not for loan Permanent Location Current Location Shelving location Date acquired Cost, normal purchase price Accession Number Koha item type Full call number
        Central Library, CMP Central Library, CMP General stacks 07/08/2024 75.00 75246 Books  
        Central Library, CMP Central Library, CMP General stacks 07/08/2024 75.00 75122 Books 891.4312 SNAK

Implemented and Maintained by Dr. Punit Kumar Singh

For any Suggestions/Queries, contact the library or email us at: library.cmpdc@gmail.com OR library@cmpcollege.ac.in

Website/OPAC is best viewed in Mozilla Browser at a resolution of 1366x768.